000 00422nam a2200181Ia 4500
005 20240823051719.0
008 240823s9999||||xx |||||||||||||| ||und||
041 _aENGLISH
082 _A541.3 P1
100 _aSoni et al.
245 0 _aText Book of Physical Chemistry
250 _a1st
260 _bS chand New D
_aNew Delhi
500 _aYES
650 _aChemistry
_bChemistry
942 _cBK
999 _c220210
_d220210